Ultrakill Minos Prime Monologue - Statistics

General Stats
  • This quiz has been taken 546 times
  • The average score is 37 of 47
Answer Stats
Answer % Correct
Free
94%
thy
94%
thy
94%
thy
94%
thy
94%
at
93%
last
93%
O
93%
ahh
91%
Gabriel
90%
the
88%
the
88%
for
84%
Creature
82%
of
82%
of
82%
steel
82%
My
81%
my
81%
crimes
79%
And
78%
And
78%
Now
78%
reckoning
77%
shall
76%
dawns
75%
man
74%
But
73%
gratitude
73%
kind
73%
gore
72%
against
71%
glisten
71%
humanity
70%
temples
69%
upon
69%
DEATH
68%
freedom
68%
have
68%
NOT
68%
thee
68%
Are
67%
before
67%
commited
67%
Is
67%
punishment
67%
forgotten
63%
No matching quizzes found
Score Distribution
Percent of People with Each Score
Percentile by Number Answered
Your Score History
You have not taken this quiz